Digitális eszközök használata az ének-zene órán első osztályos tanulókkal folytatott kísérlet eredményei /

This research examined the impacts of a digital music education program – an application called Zenesziget (Music Island) which was developed by us for use in school music lessons – on the development of students’ music reading, instrumental knowledge, singing and their attitude towards school music...

Teljes leírás

Elmentve itt :
Bibliográfiai részletek
Szerzők: Szabó Norbert
Józsa Krisztián
Janurik Márta
Dokumentumtípus: Cikk
Megjelent: 2021
Sorozat:Magyar pedagógia : a Magyar Tudományos Akadémia Pedagógiai Bizottságának folyóirata 121 No. 1
Kulcsszavak:Digitális oktatás - módszer, Oktatás - számítógép alkalmazása, Tanulási környezet - elektronikus, Ének-zene tanítása - általános iskola, Pedagógiai kutatás
doi:10.17670/MPed.2021.1.47

Online Access:http://misc.bibl.u-szeged.hu/70781
LEADER 02129nab a2200241 i 4500
001 misc70781
005 20220113102752.0
008 220113s2021 hu o 0|| hun d
022 |a 0025-0260 
024 7 |a 10.17670/MPed.2021.1.47  |2 doi 
040 |a SZTE Miscellanea Repozitórium  |b hun 
041 |a hun 
041 |a eng 
100 1 |a Szabó Norbert 
245 1 0 |a Digitális eszközök használata az ének-zene órán   |h [elektronikus dokumentum] :  |b első osztályos tanulókkal folytatott kísérlet eredményei /  |c  Szabó Norbert 
260 |c 2021 
300 |a 47-84 
490 0 |a Magyar pedagógia : a Magyar Tudományos Akadémia Pedagógiai Bizottságának folyóirata  |v 121 No. 1 
520 3 |a This research examined the impacts of a digital music education program – an application called Zenesziget (Music Island) which was developed by us for use in school music lessons – on the development of students’ music reading, instrumental knowledge, singing and their attitude towards school music lessons. The quasi-experimental design included 100 first grade students in the experimental group and 103 first grade students in the control group. The program ran for one school year. Students of the experimental group demonstrated significantly higher progress in music reading and instrumental knowledge. Significantly higher achievement was measured in the experimental group in singing as well. Moreover, the digital education program contributed to a significantly more positive attitude towards school music lessons among the participants of the experimental group. Results suggest that the Zenesziget music application offers favourable outcomes in music education by enhancing achievement in music and promoting a positive attitude towards school music lessons. 
695 |a Digitális oktatás - módszer, Oktatás - számítógép alkalmazása, Tanulási környezet - elektronikus, Ének-zene tanítása - általános iskola, Pedagógiai kutatás 
700 0 1 |a Józsa Krisztián  |e aut 
700 0 1 |a Janurik Márta  |e aut 
856 4 0 |u http://misc.bibl.u-szeged.hu/70781/1/mp_2021_001_047-084.pdf  |z Dokumentum-elérés